| 000 | 00638nam a22002057a 4500 | ||
|---|---|---|---|
| 999 |
_c18292 _d18292 |
||
| 003 | AR-CdUCM | ||
| 008 | 190513b ||||| |||| 00| 0 spa d | ||
| 040 |
_aMUNICIPALIDAD PROVINCIAL DEL CUSCO _cBIBLIOTECA MUNICIPAL DEL CUSCO |
||
| 082 |
_22ed _a869.56 / _bH557 |
||
| 100 |
_aHernández, Arturo Demetrio _910590 |
||
| 245 | _aSelva trágica / | ||
| 260 |
_aLima : _bEdit. Juan Mejía Baca : _c1956. |
||
| 300 |
_a285 páginas ; _c20 cm. |
||
| 505 | _aContenido: Novela peruana. | ||
| 650 |
_aNovela peruana _91234 |
||
| 650 |
_aSelva peruana _938800 |
||
| 650 |
_aLiteratura _9416 |
||
| 942 |
_2ddc _cLIBROS |
||
| 945 |
_adavv _d2019-05-13 |
||